1402 1615 1853 1273 1396 1590 1658 1150 1329 1574 1567 1937 1927 1247 1695 1519 1206 1812 1536 1826 1260 1000 1540 1254 1655 1967 1313 1500 1333 1440 2000 1125 1092 1265 1021 1561 1507 1200 1712 1917 1282 1587 1785 1836 1836 1146 1234 1040 1209 1955 1396 1512 1076 1950 1167 1153 1749 1044 1829 1652 1156 1499 1069 1717 1845 1509 1187 1145 1734 1050 1962 1350 1945 1244 1276 1437 1694 1823 1476 1041 1210 1563 1572 1660 1803 1206 1915 1474 1953 1633 1615 1660 1006 1072 1021 1804 1665 1629 1073 BCNSPRNW ULIB Ver.6.0+V

เปลี่ยนเป็นภาษาไทย

Change to English
 แสดงรายละเอียดบรรณานุกรม
  กลับหน้าหลัก

Brief Record : Get Marc (ISO 2709) : E-mail record : QR code < ปิดหน้าต่าง
LEADER : 00000nam 2200000uu 4500
001    13399124143
003     ULIB
008    150120s2557||||th 000 0 tha d
020    ^a9786163481825
060 04 ^aWS200^bอ498S
100 0  ^aอัจฉรา สัมบุณณานนท์
245 10 ^aSystemic Lupus Erythematosus ในเด็กและวัยรุ่น /^cอัจฉรา สัมบุณณานนท์
250    ^aพิมพ์ครั้งที่ 1 (30 ก.ค.2557)
260    ^aกรุงเทพฯ :^bบริษัทชวนพิมพ์50จำกัด,^c2557
300    ^a427 หน้า :^bภาพประกอบ ; ตาราง ;^c26 ซม.
650  7 ^aโรคของเด็ก
650  7 ^aโรคเอสแอลอีในเด็กและวัยรุ่น
650  7 ^aเอสแอลอี,โรค
650  7 ^aSLE
700 0  ^aอนิรุธ ภัทรากาญจน์
700 0  ^aนันทวัน ปิยะภาณี
945    ^p550^l0^i038608
945    ^p550^l0^i038609
945    ^p550^l0^i038910
945    ^p550^l0^i039419
999    ^aเกษร โพธิ์สุวรรณ
รายการนี้ยังไม่มีแท็ก
คุณยังไม่ได้ล็อกอิน คุณสามารถมีกิจกรรมร่วมกับเว็บไซต์ได้ แต่ต้องล็อกอินก่อน ::
  ล็อกอิน

รายการสื่อสารสนเทศ

ลำดับที่ ประเภท เลขเรียก/บาร์โค้ด สถานที่ สถานะ
1. วิทยาศาสตร์การแพทย์ และสุขภาพ
วิทยาศาสตร์การแพทย์ และสุขภาพ
สถานะ=หนังสือเก่า
WS200 อ498S ฉ.1 
  Barcode: 038608
ห้องสมุดวิทยาเขตสวรรค์ประชารักษ์
►ส่วนจัดเก็บหนังสือเก่า สปร
บนชั้น
  ขอยืม
2. วิทยาศาสตร์การแพทย์ และสุขภาพ
วิทยาศาสตร์การแพทย์ และสุขภาพ
สถานะ=หนังสือเก่า
WS200 อ498S ฉ.2 
  Barcode: 038609
ห้องสมุดวิทยาเขตสวรรค์ประชารักษ์
►ส่วนจัดเก็บหนังสือเก่า สปร
บนชั้น
  ขอยืม
3. วิทยาศาสตร์การแพทย์ และสุขภาพ
วิทยาศาสตร์การแพทย์ และสุขภาพ
WS200 อ498S ฉ.3 
  Barcode: 038910
ห้องสมุดวิทยาเขตสวรรค์ประชารักษ์
►หนังสือทั่วไป
บนชั้น
4. วิทยาศาสตร์การแพทย์ และสุขภาพ
วิทยาศาสตร์การแพทย์ และสุขภาพ
สถานะ=หนังสือเก่า
WS200 อ498S ฉ.4 
  Barcode: 039419
ห้องสมุดวิทยาเขตสวรรค์ประชารักษ์
►ส่วนจัดเก็บหนังสือเก่า สปร
บนชั้น
  ขอยืม

รายการใกล้เคียง
    ผู้แต่ง [อัจฉรา สัมบุณณานนท์]

    หัวเรื่อง [โรคของเด็ก]
    หัวเรื่อง [โรคเอสแอลอีในเด็กและวัยรุ่น]
    หัวเรื่อง [เอสแอลอี,โรค]
    หัวเรื่อง [SLE]

BibComment


ยังไม่เคยถูกคอมเมนท์

คอมเมนท์ทรัพยากรรายการนี้
  คอมเมนท์: Systemic Lupus E..


 Copyright 2026. Bcnsprnw @Library